| 000 | 01310cai a22002295a 4500 | ||
|---|---|---|---|
| 001 | L141662 | ||
| 008 | 071211s2007 xxkad f s 000 0 eng d | ||
| 035 | _a(Sirsi) u141662 | ||
| 041 | 0 | _aeng | |
| 050 | 0 | 4 | _a333.33 $2 18 |
| 110 | 2 |
_aAtisreal _95337 |
|
| 245 | 0 | 0 |
_aEurope quarterly _boffice market quarter two _h[electronic resource] |
| 260 |
_a[s.l] _bAtisreal _c2007 |
||
| 490 | 0 |
_aAtisreal Europe Quarterly Investment Market _vQuarter Three 2007 |
|
| 520 | _aReports that the volume of trading in the European investment market has doubled in two years from in €36bn 2005 to €70bn in 2007. The busiest markets are German cities, Brussels, London and Paris respectively. Initial office yields are beginning to rise. Prime yields in the City of London rose 4.00% to 4.20% in the quarter and City of London. The French market is notable. In Paris and the main cities, the initial yield did not change in the third quarter. Expects a correction in line with the rest of Europe in the last quarter. | ||
| 590 | _aka | ||
| 650 | 2 | 4 | _aATISREAL EUROPE QUARTERLY INVESTMENT MARKET |
| 651 | 4 | _aEurope | |
| 690 | _aPROPERTY-COMMERCIAL PROPERTY-COMMERCIAL PROPERTY MARKET | ||
| 856 | 4 | 8 |
_uhttps://www.atisreal.com/ _zView this report free of charge under market research at www.atisreal.com... |
| 942 | _n0 | ||
| 999 |
_c107730 _d107730 |
||